<?xml version="1.0" encoding="UTF-8"?>
<record
    xmlns:xsi="http://www.w3.org/2001/XMLSchema-instance"
    xsi:schemaLocation="http://www.loc.gov/MARC21/slim http://www.loc.gov/standards/marcxml/schema/MARC21slim.xsd"
    xmlns="http://www.loc.gov/MARC21/slim">

  <leader>00504nam a22001577a 4500</leader>
  <controlfield tag="005">20250129182928.0</controlfield>
  <controlfield tag="008">250129b        |||||||| |||| 00| 0 eng d</controlfield>
  <datafield tag="020" ind1=" " ind2=" ">
    <subfield code="a">9781861529053</subfield>
  </datafield>
  <datafield tag="050" ind1=" " ind2=" ">
    <subfield code="a">HF5686</subfield>
    <subfield code="b">.C8 2003</subfield>
  </datafield>
  <datafield tag="245" ind1=" " ind2=" ">
    <subfield code="a">Cost and Management Accounting:</subfield>
    <subfield code="b">An Introduction /</subfield>
    <subfield code="c">[Editor] Colin Dury</subfield>
  </datafield>
  <datafield tag="250" ind1=" " ind2=" ">
    <subfield code="a">5th ed.</subfield>
  </datafield>
  <datafield tag="260" ind1=" " ind2=" ">
    <subfield code="a">London</subfield>
    <subfield code="b">Thomas Learning</subfield>
    <subfield code="c">c2003</subfield>
  </datafield>
  <datafield tag="300" ind1=" " ind2=" ">
    <subfield code="a">xix, 552 pages</subfield>
    <subfield code="b">Index</subfield>
    <subfield code="c">26cm</subfield>
  </datafield>
  <datafield tag="650" ind1=" " ind2=" ">
    <subfield code="2">Accounting</subfield>
    <subfield code="x">Cost Accounting</subfield>
    <subfield code="x">Management Accounting</subfield>
  </datafield>
  <datafield tag="942" ind1=" " ind2=" ">
    <subfield code="2">lcc</subfield>
    <subfield code="c">BK</subfield>
    <subfield code="e">5th ed.</subfield>
    <subfield code="n">0</subfield>
  </datafield>
  <datafield tag="999" ind1=" " ind2=" ">
    <subfield code="c">3227</subfield>
    <subfield code="d">3227</subfield>
  </datafield>
  <datafield tag="952" ind1=" " ind2=" ">
    <subfield code="0">0</subfield>
    <subfield code="1">0</subfield>
    <subfield code="2">lcc</subfield>
    <subfield code="4">0</subfield>
    <subfield code="7">0</subfield>
    <subfield code="8">NFIC</subfield>
    <subfield code="a">MBL</subfield>
    <subfield code="b">MBL</subfield>
    <subfield code="c">REF</subfield>
    <subfield code="d">2025-01-29</subfield>
    <subfield code="l">0</subfield>
    <subfield code="o">HF5686.C8 DRU</subfield>
    <subfield code="p">bssm00000726</subfield>
    <subfield code="r">2025-01-29 18:33:59</subfield>
    <subfield code="t">1</subfield>
    <subfield code="w">2025-01-29</subfield>
    <subfield code="y">BK</subfield>
  </datafield>
  <datafield tag="952" ind1=" " ind2=" ">
    <subfield code="0">0</subfield>
    <subfield code="1">0</subfield>
    <subfield code="2">lcc</subfield>
    <subfield code="4">0</subfield>
    <subfield code="7">0</subfield>
    <subfield code="8">NFIC</subfield>
    <subfield code="a">MBL</subfield>
    <subfield code="b">MBL</subfield>
    <subfield code="c">REF</subfield>
    <subfield code="d">2025-01-29</subfield>
    <subfield code="l">0</subfield>
    <subfield code="o">HF5686.C8 DRU</subfield>
    <subfield code="p">bssm00000727</subfield>
    <subfield code="r">2025-01-29 18:33:59</subfield>
    <subfield code="t">2</subfield>
    <subfield code="w">2025-01-29</subfield>
    <subfield code="y">BK</subfield>
  </datafield>
  <datafield tag="952" ind1=" " ind2=" ">
    <subfield code="0">0</subfield>
    <subfield code="1">0</subfield>
    <subfield code="2">lcc</subfield>
    <subfield code="4">0</subfield>
    <subfield code="7">0</subfield>
    <subfield code="8">NFIC</subfield>
    <subfield code="a">MBL</subfield>
    <subfield code="b">MBL</subfield>
    <subfield code="c">REF</subfield>
    <subfield code="d">2025-01-29</subfield>
    <subfield code="l">0</subfield>
    <subfield code="o">HF5686.C8 DRU</subfield>
    <subfield code="p">bssm00000728</subfield>
    <subfield code="r">2025-01-29 18:33:59</subfield>
    <subfield code="t">3</subfield>
    <subfield code="w">2025-01-29</subfield>
    <subfield code="y">BK</subfield>
  </datafield>
  <datafield tag="952" ind1=" " ind2=" ">
    <subfield code="0">0</subfield>
    <subfield code="1">0</subfield>
    <subfield code="2">lcc</subfield>
    <subfield code="4">0</subfield>
    <subfield code="7">0</subfield>
    <subfield code="8">NFIC</subfield>
    <subfield code="a">MBL</subfield>
    <subfield code="b">MBL</subfield>
    <subfield code="c">REF</subfield>
    <subfield code="d">2025-01-29</subfield>
    <subfield code="l">0</subfield>
    <subfield code="o">HF5686.C8 DRU</subfield>
    <subfield code="p">bssm00000729</subfield>
    <subfield code="r">2025-01-29 18:33:59</subfield>
    <subfield code="t">4</subfield>
    <subfield code="w">2025-01-29</subfield>
    <subfield code="y">BK</subfield>
  </datafield>
</record>
